[Event "NED-ch U14"]
[Site "Almelo"]
[Date "2023.05.05"]
[Round "8"]
[White "Frederiks, Jesse"]
[Black "Klein Tuente, Sam"]
[Result "0-1"]
[WhiteElo "1510"]
[BlackElo "1478"]
[PlyCount "106"]
[EventDate "2023.04.30"]
[EventType "swiss"]
[EventRounds "9"]
[EventCountry "NED"]
[SourceTitle "CBM 214 Extra"]
[Source "ChessBase"]
[SourceDate "2023.07.31"]
[SourceVersion "1"]
[SourceVersionDate "2023.07.31"]
[SourceQuality "1"]

1. d4 d5 2. c4 c6 3. Nc3 Nf6 4. cxd5 cxd5 5. Nf3 Nc6 6. Bf4 Qb6 7. e3 Qxb2 8. Nb5 e5 9. Be2 Bb4+ 10. Kf1 exf4 11. Nc7+ Ke7 12. Nxa8 Ba5 13. Rb1 Qxa2 14. Ra1 Qb2 15. Ne5 Qb4 16. Nxc6+ bxc6 17. Ra4 Qc3 18. Qa1 Qxa1+ 19. Rxa1 Bf5 20. Rxa5 Rxa8 21. Bf3 Bd3+ 22. Ke1 Bb5 23. Kd2 fxe3+ 24. fxe3 Kd7 25. Rc1 a6 26. Ke1 Re8 27. Kd2 Kc7 28. g3 Kb6 29. Raa1 Re7 30. Rcb1 Ne8 31. Be2 Nd6 32. Bd3 Re6 33. Bxb5 cxb5 34. Kd3 Nc4 35. Re1 Nd6 36. Rf1 a5 37. Rf2 b4 38. g4 Nc4 39. Re1 Nd6 40. h4 Kb5 41. Kc2 a4 42. Kb1 b3 43. Rc1 Nc4 44. Rxf7 a3 45. Rb7+ Rb6 46. Rxb6+ Kxb6 47. Rh1 Kb5 48. Rd1 Kb4 49. Rd3 Nb2 50. Rd2 Na4 51. Rd3 Nc3+ 52. Kc1 b2+ 53. Kc2 b1Q+ 0-1

[Event "NED-ch U14"]
[Site "Almelo"]
[Date "2023.05.04"]
[Round "6"]
[White "De Wit, Evan"]
[Black "Klein Tuente, Sam"]
[Result "0-1"]
[WhiteElo "1563"]
[BlackElo "1478"]
[PlyCount "146"]
[EventDate "2023.04.30"]
[EventType "swiss"]
[EventRounds "9"]
[EventCountry "NED"]
[SourceTitle "CBM 214 Extra"]
[Source "ChessBase"]
[SourceDate "2023.07.31"]
[SourceVersion "1"]
[SourceVersionDate "2023.07.31"]
[SourceQuality "1"]

1. e4 c5 2. Nf3 Nc6 3. d4 cxd4 4. Nxd4 Nf6 5. Nc3 e6 6. a3 a6 7. Be3 Be7 8. Be2 d5 9. exd5 exd5 10. Bf3 Be6 11. h3 h6 12. Qd2 Ne5 13. Be2 Qc7 14. f4 Nc4 15. Bxc4 dxc4 16. 0-0-0 Bd5 17. Rhg1 0-0-0 18. Qf2 Bc5 19. Qh4 Rhe8 20. Bf2 Qa5 21. Be1 Bxa3 22. Nxd5 Bxb2+ 23. Kxb2 Qxd5 24. Qg3 Qc5 25. Qa3 Qxa3+ 26. Kxa3 Re4 27. c3 Rxf4 28. Bg3 Re4 29. Kb4 Nd5+ 30. Kxc4 Ne3+ 31. Kd3 Nxd1 32. Kxe4 Nxc3+ 33. Kd3 Rxd4+ 34. Kxc3 Re4 35. Kd3 Ra4 36. Be5 f6 37. Bd6 Ra5 38. Rc1+ Kd7 39. Bf8 Rg5 40. g4 f5 41. Rb1 fxg4 42. hxg4 Kc6 43. Rc1+ Kb6 44. Rb1+ Ka7 45. Rb4 b5 46. Rf4 Kb6 47. Ke4 a5 48. Be7 Rg6 49. Kf5 Rc6 50. Ke5 b4 51. Kd4 Kb5 52. Rf5+ Ka4 53. Rf1 Kb3 54. Bc5 Ka2 55. Rf2+ Kb3 56. Rf3+ Ka4 57. Kc4 b3 58. Rf1 b2 59. Rb1 Rxc5+ 60. Kxc5 Kb3 61. Kb5 a4 62. Rh1 a3 63. Rh3+ Ka2 64. Ka4 b1Q 65. Rxa3+ Kb2 66. Rb3+ Kc2 67. Rxb1 Kxb1 68. Kb3 Kc1 69. Kc3 Kd1 70. Kd3 Ke1 71. Ke3 Kf1 72. Kf3 Kg1 73. Kg3 g5 0-1